| 000 | 01090nam a2200301 4500 | ||
|---|---|---|---|
| 003 | EG-GICUC | ||
| 005 | 20260429124934.0 | ||
| 008 | 260429s2006 sz ||||fr|||| 00| 0 fre d | ||
| 040 |
_aEG-GiCUC _bfre _cEG-GiCUC _dEG-GiCUC _eRda |
||
| 041 |
_afre _hfre |
||
| 082 | 0 | 4 |
_221 _a341.48 _bNA . C |
| 092 | 0 | 4 | _221 |
| 099 | _aLaw 11 341.48 NA . C 2006 | ||
| 110 | 1 |
_aNations unies _eAuteur |
|
| 245 | 1 | 2 |
_aLa Convention internationale _bsur la protection des droits de tous les travailleurs migrants et des membres de leur famille et son Comité (Fiche d'information No. 24) / _cPar Nations unies. |
| 264 | 1 |
_aGeneva; _b Nations unies, _c2006. |
|
| 300 |
_a67 page : _billustration ; _c 24 cm. |
||
| 336 |
_2rda contenu _a texte |
||
| 337 |
_2rda medias _aOrdinateur |
||
| 338 |
_2 transporteur rda _a Ressource en ligne |
||
| 504 | _aBibliography: pages 200-250. 240-220 | ||
| 546 | _aTexte en français | ||
| 650 | 1 |
_aDroit international public _2qrmak |
|
| 651 | 1 | _2qrmak | |
| 856 | 4 | 0 | _uhttps://fll.law.cu.edu.eg/fulltext/bks/B11-07959.pdf |
| 905 | _a31 | ||
| 942 |
_2ddc _n0 _cBK _e21 |
||
| 999 |
_c74188 _d74188 |
||